Three phases of India`s struggle for freedom / (Record no. 5100)
[ view plain ]
| 000 -LEADER | |
|---|---|
| fixed length control field | 00429cam a2200169ua 4500 |
| 041 ## - LANGUAGE CODE | |
| Language code of text/sound track or separate title | eng |
| 082 ## - DEWEY DECIMAL CLASSIFICATION NUMBER | |
| Classification number | 954.03 |
| Item number | MAJ/TH |
| 100 ## - MAIN ENTRY--AUTHOR NAME | |
| Personal name | Majumdar, R C. |
| 245 ## - TITLE STATEMENT | |
| Title | Three phases of India`s struggle for freedom / |
| 260 ## - PUBLICATION, DISTRIBUTION, ETC. (IMPRINT) | |
| Place of publication | Mumbai : |
| Name of publisher | Bharatiya Vidya Bhavan , |
| Year of publication | 1961. |
| 300 ## - PHYSICAL DESCRIPTION | |
| Number of Pages | 61 ; . |
| 942 ## - ADDED ENTRY ELEMENTS (KOHA) | |
| Koha item type | Books |
| Withdrawn status | Lost status | Damaged status | Home library | Current library | Date acquired | Full call number | Accession Number | Koha item type | Public note |
|---|---|---|---|---|---|---|---|---|---|
| Withdrawn | KAUAET | KAUAET | 07/04/2012 | 954.03 | 3382 | Books | Deleted |
